| 000 | 09202nam a22007217a 4500 | ||
|---|---|---|---|
| 008 | 081010t xxu||||| |||| 00| 0 eng d | ||
| 010 | _aB-270894-933 | ||
| 020 |
_a8184081014 _c135.00 |
||
| 035 | _aB-270894-933 | ||
| 037 | _aIndiana/IPH084/28.5.08/87/16.5.08/5.6.08 | ||
| 040 |
_adpl _bEnglish |
||
| 082 | _a481.54 | ||
| 100 | _a Jones, Frank | ||
| 245 |
_aHow to speak fluently: _ba handbook of every pronuciation / _cby Frank Jones |
||
| 250 | _a2nd ed | ||
| 260 |
_aNew Delhi _bCross Land Books _c2008 |
||
| 270 |
_a2/13, Ansari Road, Darya Ganj _bNew Delhi _e110002 |
||
| 300 |
_a134p. _c21cm (pbk) |
||
| 942 |
_2ddc _cEN _mJON _h481.54 |
||
| 999 |
_c16502 _d16502 |
||